[Event "London Chess Classic FIDE Open"]
[Site "London ENG"]
[Date "2010.12.08"]
[Round "1"]
[White "Avrukh, Boris"]
[Black "Millward, Richard"]
[Result "1-0"]
[WhiteTitle "GM"]
[WhiteElo "2625"]
[BlackElo "2107"]
[WhiteFideId "2803895"]
[BlackFideId "405698"]
[EventDate "2010.12.08"]

1. d4 d5 2. c4 e6 3. Nf3 Nf6 4. g3 c5 5. cxd5 exd5 6. Bg2 Nc6 7. O-O cxd4 8.
Nxd4 Bc5 9. Nxc6 bxc6 10. Qc2 Qb6 11. Nc3 Be7 12. Be3 Qa6 13. Na4 O-O 14. Rfc1
Bd7 15. Bc5 Rfe8 16. e3 Rac8 17. Bxe7 Rxe7 18. Nc5 Qb6 19. Nxd7 Nxd7 20. Bxd5
Ne5 21. Be4 h6 22. Qc5 Qxc5 23. Rxc5 Rb8 24. Rd1 f5 25. Bxf5 Rxb2 26. Rc2 Rxc2
27. Bxc2 Rd7 28. Rxd7 Nxd7 29. Ba4 Nb8 30. f4 Kf7 31. e4 Ke6 32. Kf2 Kd6 33. Ke3
Nd7 34. e5+ Kc7 35. Kd4 c5+ 36. Ke4 Nb6 37. Bb5 Kd8 38. f5 Ke7 39. g4 Kf7 40. h4
Ke7 41. g5 hxg5 42. hxg5 Kf7 43. e6+ Kf8 44. f6 1-0

[Event "London Chess Classic FIDE Open"]
[Site "London ENG"]
[Date "2010.12.08"]
[Round "1"]
[White "Sreeves, Clement"]
[Black "Gupta, Abhijeet"]
[Result "0-1"]
[BlackTitle "GM"]
[WhiteElo "2104"]
[BlackElo "2600"]
[WhiteFideId "2402564"]
[BlackFideId "5010608"]
[EventDate "2010.12.08"]

1. c4 Nf6 2. g3 c6 3. Bg2 d5 4. Nf3 dxc4 5. O-O Nbd7 6. Na3 Nb6 7. Qc2 Qd5 8.
Ne1 Qf5 9. e4 Qh5 10. Nxc4 Bh3 11. Nf3 Nxc4 12. Qxc4 Bg4 13. Qb3 O-O-O 14. Re1
e5 15. d4 exd4 16. Ng5 d3 17. Bd2 Bc5 18. Rac1 Nd7 19. e5 Bb6 20. Nxf7 Rhf8 21.
e6 Nc5 22. Qb4 Nxe6 23. Nxd8 Rxf2 24. Be3 Rxg2+ 25. Kxg2 Qd5+ 26. Kg1 Bh3 27.
Qd2 Ng5 28. Nxc6 bxc6 29. Rxc6+ Kd7 30. Rc7+ Kxc7 31. Bxb6+ axb6 32. Qf4+ Kb7
33. Re7+ Bd7 34. Rxd7+ Qxd7 35. Qxg5 d2 0-1

[Event "London Chess Classic FIDE Open"]
[Site "London ENG"]
[Date "2010.12.08"]
[Round "1"]
[White "Jones, Gawain C B"]
[Black "Barton, R Alan"]
[Result "1-0"]
[WhiteTitle "GM"]
[WhiteElo "2575"]
[BlackElo "2103"]
[WhiteFideId "409561"]
[BlackFideId "404233"]
[EventDate "2010.12.08"]

1. e4 b6 2. d4 Bb7 3. Bd3 e6 4. c4 g6 5. Nc3 Bg7 6. Be3 Ne7 7. f4 f5 8. Nf3 fxe4
9. Bxe4 Bxe4 10. Nxe4 Nf5 11. Bf2 Qe7 12. Qd2 Nc6 13. O-O-O Qb4 14. Qxb4 Nxb4
15. a3 Nc6 16. g4 Nh6 17. h3 O-O 18. Bg3 Na5 19. Ned2 Rae8 20. b4 Nc6 21. Nb3 d6
22. b5 Nd8 23. Rhf1 Nhf7 24. Kc2 Nb7 25. a4 Ra8 26. Rde1 Rfe8 27. f5 e5 28. Bh4
exd4 29. Nfxd4 Bxd4 30. Nxd4 Rxe1 31. Rxe1 Ne5 32. Bf6 Nd7 33. g5 Nbc5 34. Re7
Nxf6 35. gxf6 Rf8 36. fxg6 Rxf6 37. gxh7+ Kh8 38. Kd2 Rf4 39. Ke3 Rh4 40. Nf3
Rxh7 41. Re8+ Kg7 42. h4 Kf6 43. Rf8+ Kg6 44. Rg8+ Kf6 45. Rg4 Ne6 46. Ng5 Nxg5
47. hxg5+ Kf5 48. Rg3 Ke5 49. g6 Rg7 50. Rg1 Kf5 51. Kd4 Rxg6 52. Rxg6 Kxg6 53.
Kd5 Kf5 54. Kc6 Ke5 55. Kxc7 Kd4 56. Kb7 Kxc4 57. Kxa7 d5 58. a5 d4 59. axb6 d3
60. b7 d2 61. b8=Q d1=Q 62. Qe8 Qa1+ 63. Kb6 Kb4 64. Qe4+ Kb3 65. Qf3+ Kb4 66.
Qf8+ Kb3 67. Qf7+ Kb4 68. Qe7+ Kb3 69. Kb7 Qh1+ 70. Ka7 Qa1+ 71. Kb8 Qh8+ 72.
Kc7 Qc3+ 73. Kb7 Qf3+ 74. Ka7 Qh3 75. b6 Kc4 76. b7 1-0

[Event "London Chess Classic FIDE Open"]
[Site "London ENG"]
[Date "2010.12.08"]
[Round "1"]
[White "Warman, Simon M"]
[Black "Greenfeld, Alon"]
[Result "0-1"]
[BlackTitle "GM"]
[WhiteElo "2099"]
[BlackElo "2564"]
[WhiteFideId "408867"]
[BlackFideId "2800039"]
[EventDate "2010.12.08"]

1. e4 c5 2. f4 d5 3. Bb5+ Nc6 4. exd5 Qxd5 5. Qe2 Nf6 6. Nc3 Qd6 7. Nf3 Bd7 8.
Bxc6 Bxc6 9. Ne5 e6 10. O-O Be7 11. d3 O-O 12. Nxc6 Qxc6 13. Bd2 Rac8 14. Rae1
Rfe8 15. Qf3 c4 16. Qxc6 Rxc6 17. dxc4 Rxc4 18. f5 e5 19. Kh1 Bb4 20. Re2 h5 21.
a3 Ba5 22. Rfe1 Rd8 23. Rxe5 Rxd2 24. Rxa5 Rxc2 25. Rb5 b6 26. h3 Rd4 27. Re2
Rxe2 28. Nxe2 Rd2 29. Nc3 Kh7 30. Kh2 Kh6 31. Kg3 h4+ 32. Kf3 Kg5 33. Ne2 Rd3+
34. Kf2 Ne4+ 35. Ke1 Nd6 36. Rb4 Nxf5 37. Rg4+ Kf6 38. Nf4 Rb3 39. Nh5+ Ke5 40.
Nxg7 Ne3 41. Ra4 Nxg2+ 42. Kf1 Nf4 43. Rxa7 Rxh3 44. Ke1 Rf3 45. Ne8 h3 46. Re7+
Ne6 0-1

[Event "London Chess Classic FIDE Open"]
[Site "London ENG"]
[Date "2010.12.08"]
[Round "1"]
[White "Hebden, Mark L"]
[Black "Gregory, Philip J"]
[Result "1-0"]
[WhiteTitle "GM"]
[WhiteElo "2560"]
[BlackElo "2096"]
[WhiteFideId "400084"]
[BlackFideId "407852"]
[EventDate "2010.12.08"]

1. d4 d5 2. Nf3 Nf6 3. c4 c6 4. e3 Bf5 5. cxd5 cxd5 6. Qb3 Qc7 7. Bd2 Nc6 8. Bb5
e6 9. O-O Bd6 10. Bb4 O-O 11. Bxc6 Bxb4 12. Qxb4 Qxc6 13. Ne5 Qc7 14. Nc3 Rfc8
15. Rac1 Ne4 16. Nxd5 Qxc1 17. Ne7+ 1-0

[Event "London Chess Classic FIDE Open"]
[Site "London ENG"]
[Date "2010.12.08"]
[Round "1"]
[White "Roberts, David L"]
[Black "Williams, Simon K"]
[Result "0-1"]
[BlackTitle "GM"]
[WhiteElo "2083"]
[BlackElo "2493"]
[WhiteFideId "407720"]
[BlackFideId "404454"]
[EventDate "2010.12.08"]

1. e4 e6 2. d4 d5 3. Nc3 Bb4 4. Ne2 Nc6 5. a3 Ba5 6. e5 Nge7 7. Bg5 O-O 8. Qd3
f6 9. exf6 gxf6 10. Bh6 Rf7 11. O-O-O Kh8 12. Ng3 e5 13. dxe5 Nxe5 14. Qd4 Ng4
15. Nxd5 Nxh6 16. Qc5 b6 17. Qxc7 Bg4 18. f3 Nxd5 19. Qxd8+ Rxd8 20. fxg4 b5 21.
Bxb5 Nxg4 22. Rd4 Nde3 23. Rxd8+ Bxd8 24. h3 Ne5 25. Ne4 f5 26. Nd6 Rf6 27. Ne8
Re6 0-1

[Event "London Chess Classic FIDE Open"]
[Site "London ENG"]
[Date "2010.12.08"]
[Round "1"]
[White "Llaneza Vega, Marcos"]
[Black "Mcgowan, Daniel"]
[Result "0-1"]
[WhiteTitle "IM"]
[WhiteElo "2479"]
[BlackElo "2082"]
[WhiteFideId "2253585"]
[BlackFideId "2401479"]
[EventDate "2010.12.08"]

1. e4 e6 2. Nc3 d5 3. Nf3 dxe4 4. Nxe4 Nd7 5. d4 Ngf6 6. Ng3 Be7 7. Bd3 b6 8.
O-O Bb7 9. a4 O-O 10. c3 c5 11. Qe2 Qc7 12. Re1 Rfd8 13. Bd2 Nf8 14. Rad1 Rac8
15. dxc5 Qxc5 16. Be3 Qc7 17. Bd4 Nd5 18. Ne5 f6 19. Nh5 Bd6 20. Ng4 e5 21. Be3
Kh8 22. Bc1 Ng6 23. Bf5 Rb8 24. Bb1 Qc8 25. Ba2 Nde7 26. h3 f5 27. Ne3 f4 28.
Nd5 Rf8 29. Nxb6 axb6 30. Rxd6 f3 31. Qd3 fxg2 32. Be6 Qe8 33. Qg3 Nc8 34. Bxc8
Rxc8 35. Red1 Qxa4 36. Rd7 Bf3 37. R1d3 Bxh5 0-1

[Event "London Chess Classic FIDE Open"]
[Site "London ENG"]
[Date "2010.12.08"]
[Round "1"]
[White "McKenna, Jason P"]
[Black "Gormally, Daniel W"]
[Result "0-1"]
[BlackTitle "GM"]
[WhiteElo "2081"]
[BlackElo "2470"]
[WhiteFideId "403857"]
[BlackFideId "406465"]
[EventDate "2010.12.08"]

1. e4 c5 2. Nf3 d6 3. d4 cxd4 4. Nxd4 Nf6 5. Nc3 a6 6. g3 e6 7. Bg2 Qc7 8. O-O
Nc6 9. Re1 Bd7 10. a4 Be7 11. Nxc6 bxc6 12. a5 e5 13. Be3 O-O 14. Na4 Be6 15.
Nb6 Rad8 16. c4 Ng4 17. Bd2 f5 18. h3 Nh6 19. exf5 Nxf5 20. Bc3 Bf6 21. Qa4 d5
22. cxd5 cxd5 23. Rac1 Qb8 24. Bb4 Rfe8 25. Rc6 e4 26. Bd2 Be5 27. Bg5 Bxg3 28.
Bxd8 Bxf2+ 29. Kxf2 Qg3+ 30. Ke2 Bf7 31. Bf1 Qd3+ 32. Kf2 Qf3+ 33. Kg1 Qg3+ 34.
Bg2 Qxe1+ 35. Kh2 Qg3+ 36. Kh1 Ne3 0-1

[Event "London Chess Classic FIDE Open"]
[Site "London ENG"]
[Date "2010.12.08"]
[Round "1"]
[White "Van Heirzeele, Daniel"]
[Black "Milnes, Anthony C P"]
[Result "1/2-1/2"]
[WhiteElo "2114"]
[BlackElo "2080"]
[WhiteFideId "200425"]
[BlackFideId "409634"]
[EventDate "2010.12.08"]

1. d4 e6 2. c4 f5 3. g3 Nf6 4. Bg2 Bb4+ 5. Bd2 Qe7 6. Nc3 O-O 7. Nf3 Bxc3 8.
Bxc3 Ne4 9. Rc1 d6 10. O-O Nc6 11. d5 Nd8 12. dxe6 Nxe6 13. b4 Nxc3 14. Rxc3 Bd7
15. Nd4 Qf6 16. Rd3 Nxd4 17. Rxd4 Bc6 18. Bd5+ Bxd5 19. cxd5 Rfe8 20. e3 Re4 21.
Rxe4 fxe4 22. Qc2 Qe5 23. Rd1 Rc8 24. Rd4 c5 25. dxc6 Rxc6 26. Qxe4 Qxe4 27.
Rxe4 Kf7 28. Rd4 Ke6 29. Kf1 Ra6 30. Rd2 Ra4 31. Rb2 1/2-1/2

[Event "London Chess Classic FIDE Open"]
[Site "London ENG"]
[Date "2010.12.08"]
[Round "1"]
[White "Lang, Alexander"]
[Black "McDonald, Neil"]
[Result "0-1"]
[BlackTitle "GM"]
[WhiteElo "2079"]
[BlackElo "2449"]
[WhiteFideId "4645588"]
[BlackFideId "400629"]
[EventDate "2010.12.08"]

1. d4 f5 2. Bf4 Nf6 3. e3 d6 4. Nd2 Nc6 5. Ngf3 g6 6. h3 Bg7 7. Bc4 e6 8. a3 Qe7
9. Qe2 e5 10. dxe5 dxe5 11. Bh2 a6 12. O-O-O e4 13. Ne1 b5 14. Ba2 Be6 15. Bxe6
Qxe6 16. Nb3 O-O 17. Rg1 Rfd8 18. Rxd8+ Rxd8 19. g4 Nd5 20. c4 bxc4 21. Qxc4 Kh8
22. Nc2 fxg4 23. Ncd4 Nxd4 24. Nxd4 Qf6 25. Rf1 c5 26. Qxc5 Nxe3 27. Be5 Qxe5
28. Qxe5 Bxe5 29. fxe3 gxh3 30. Ne6 Rc8+ 31. Kb1 h6 32. Rh1 Re8 33. Nc5 h2 34.
Nxe4 g5 35. Nf2 h5 36. Nd3 Bd6 37. Kc2 Rxe3 38. Kd2 Re8 39. Ne1 g4 40. Ng2 Kg7
41. Nh4 Kf6 42. Rf1+ Kg5 43. Nf5 Bf4+ 0-1

[Event "London Chess Classic FIDE Open"]
[Site "London ENG"]
[Date "2010.12.08"]
[Round "1"]
[White "Yurenok, Maria S"]
[Black "Summerscale, Aaron P"]
[Result "0-1"]
[WhiteTitle "WFM"]
[BlackTitle "GM"]
[WhiteElo "2071"]
[BlackElo "2434"]
[WhiteFideId "409359"]
[BlackFideId "400980"]
[EventDate "2010.12.08"]

1. d4 Nf6 2. c4 e6 3. Nc3 d5 4. cxd5 exd5 5. Bg5 c6 6. e3 Be7 7. Bd3 Bg4 8. f3
Bh5 9. Nge2 Bg6 10. O-O O-O 11. Bxg6 hxg6 12. Qd3 Nbd7 13. Kh1 Re8 14. Rad1 Qa5
15. Qb1 Bf8 16. Qc1 Rac8 17. Bh4 Nb6 18. Bf2 Nc4 19. Rd3 Qa6 20. Rfd1 b5 21. a3
Qb7 22. Nb1 a5 23. b3 Nb6 24. Qb2 Bd6 25. Bg3 Bf8 26. Bf2 g5 27. Re1 g4 28. Ng3
Re6 29. f4 Rce8 30. Rc1 Nc8 31. Bg1 Qa6 32. Rdd1 Nb6 33. Nd2 Nbd7 34. a4 c5 35.
Rc2 bxa4 36. bxa4 c4 37. Qa2 Rb6 38. Nb1 Bb4 39. Nc3 Bxc3 40. Rxc3 Ne4 41. Nxe4
Rxe4 42. Bf2 Re8 43. f5 Nf6 44. Rc2 Ne4 45. Kg1 Rb3 46. Rf1 Qh6 47. Qa1 Nxf2 48.
Rcxf2 Qxe3 49. Kh1 Reb8 50. Qd1 Qxf2 51. Rxf2 Rb1 52. Rf1 Rxd1 53. Rxd1 c3 0-1

[Event "London Chess Classic FIDE Open"]
[Site "London ENG"]
[Date "2010.12.08"]
[Round "1"]
[White "Grover, Sahaj"]
[Black "Bass, John W"]
[Result "1-0"]
[WhiteTitle "IM"]
[WhiteElo "2432"]
[BlackElo "2064"]
[WhiteFideId "5021103"]
[BlackFideId "407925"]
[EventDate "2010.12.08"]

1. e4 c5 2. Nf3 e6 3. d4 cxd4 4. Nxd4 a6 5. Nc3 Qc7 6. Bd3 Nc6 7. Be3 Nf6 8. Nb3
Bb4 9. a3 Bxc3+ 10. bxc3 d6 11. f4 h5 12. Qf3 Bd7 13. h3 Na5 14. Bd4 e5 15. fxe5
dxe5 16. Qg3 Nc6 17. O-O O-O-O 18. Bc5 Rdg8 19. Qe3 Be6 20. Bb6 Qe7 21. Nc5 Nd7
22. Nxa6 Nd4 23. cxd4 Nxb6 24. d5 bxa6 25. Qxb6 1-0

[Event "London Chess Classic FIDE Open"]
[Site "London ENG"]
[Date "2010.12.08"]
[Round "1"]
[White "Nelson, Omowale"]
[Black "Arkell, Keith C"]
[Result "1/2-1/2"]
[BlackTitle "GM"]
[WhiteElo "2063"]
[BlackElo "2431"]
[WhiteFideId "7400209"]
[BlackFideId "400270"]
[EventDate "2010.12.08"]

1. d4 Nf6 2. c4 e6 3. Nc3 Bb4 4. Qc2 c5 5. Nf3 cxd4 6. Nxd4 Nc6 7. e3 O-O 8. a3
Be7 9. Bd3 Ne5 10. Be2 Qc7 11. O-O a6 12. b3 b6 13. Bb2 Bb7 14. h3 Rac8 15. Rac1
Qb8 16. Qb1 Qa8 17. f4 Nc6 18. Bf3 Nxd4 19. exd4 Bxf3 20. Rxf3 d5 21. Na4 Qb7
22. Qd3 dxc4 23. bxc4 b5 24. cxb5 Rxc1+ 25. Bxc1 axb5 26. Nc5 Qd5 27. Qxb5 Qxd4+
28. Be3 Qa1+ 29. Kh2 Qxa3 30. Bd4 Qc1 31. Nd7 Rd8 32. Nxf6+ Bxf6 33. Bxf6 gxf6
34. Rg3+ Kh8 35. Qb7 Rg8 36. Qxf7 Rxg3 37. Kxg3 Qe3+ 38. Kg4 h5+ 39. Qxh5+ Kg7
40. g3 e5 41. Kh4 e4 42. Qg4+ Kh6 43. f5 1/2-1/2

[Event "London Chess Classic FIDE Open"]
[Site "London ENG"]
[Date "2010.12.08"]
[Round "1"]
[White "Pena Gomez, Manuel"]
[Black "Grochowalski, Pawel"]
[Result "1/2-1/2"]
[WhiteTitle "IM"]
[WhiteElo "2429"]
[BlackElo "2062"]
[WhiteFideId "2252813"]
[BlackFideId "1115197"]
[EventDate "2010.12.08"]

1. g3 d5 2. Bg2 Nf6 3. c4 c6 4. Nf3 Bg4 5. Qb3 Qb6 6. O-O e6 7. d3 Qxb3 8. axb3
Nbd7 9. Be3 a6 10. Rc1 Be7 11. h3 Bxf3 12. Bxf3 O-O 13. Bd2 Rfc8 14. b4 Kf8 15.
Bc3 Bd6 16. Nd2 Be5 17. d4 Bd6 18. e4 Be7 19. b3 dxe4 20. Nxe4 Nxe4 21. Bxe4 Nf6
22. Bf3 Rd8 23. Ra5 Rac8 24. Kg2 Rd7 25. Rd1 Bd8 26. Raa1 Be7 27. Kf1 Ke8 28.
Ke2 Kf8 29. Ke3 Ke8 30. Be2 Kf8 31. f4 Ne8 32. g4 Nc7 33. Bf3 Ne8 34. Rac1 Nc7
35. Be1 Rcd8 36. Rd3 e5 37. d5 exf4+ 38. Kxf4 cxd5 39. cxd5 Nxd5+ 40. Bxd5 Rxd5
41. Rxd5 Rxd5 42. Ke4 Rd7 43. Rc8+ Bd8 44. Bf2 f6 45. h4 Kf7 46. Rb8 Be7 47. Bc5
h6 48. h5 Bd8 1/2-1/2

[Event "London Chess Classic FIDE Open"]
[Site "London ENG"]
[Date "2010.12.08"]
[Round "1"]
[White "Seymour, Timothy P"]
[Black "Hanley, Craig A"]
[Result "1/2-1/2"]
[BlackTitle "IM"]
[WhiteElo "2052"]
[BlackElo "2428"]
[WhiteFideId "412112"]
[BlackFideId "408514"]
[EventDate "2010.12.08"]

1. d4 d5 2. c4 e5 3. dxe5 d4 4. Nf3 Nc6 5. Nbd2 Nge7 6. Nb3 Nf5 7. e4 Nh4 8.
Nfxd4 Nxe5 9. f4 Bg4 10. Be2 Nxg2+ 11. Kf2 Qh4+ 12. Kxg2 Bh3+ 13. Kg1 O-O-O 14.
fxe5 Rxd4 15. Nxd4 Bc5 16. Be3 Qxe4 17. Bg4+ Bxg4 18. Qe1 Rd8 19. Nf5 Qxf5 20.
Bxc5 Rd3 21. h4 Bf3 22. Rh2 Qg4+ 23. Kf1 Be4 24. Rc1 Rf3+ 25. Ke2 Bd3+ 26. Kd2
Qf4+ 27. Be3 Qxh2+ 28. Kxd3 Qxe5 29. Rc3 Rh3 30. Kc2 Qe4+ 31. Kb3 Rxh4 32. Bf2
Qxe1 33. Bxe1 Re4 34. Bf2 Rf4 35. Bg3 Rg4 36. Bf2 h5 37. Rg3 Rxg3+ 38. Bxg3 g5
39. Kc3 h4 40. Be5 Kd7 41. Kd4 f5 42. Ke3 h3 43. Kf2 Ke6 44. Bxc7 f4 45. b4 Kf5
46. c5 Ke4 47. b5 g4 48. c6 bxc6 49. bxc6 g3+ 50. Kg1 h2+ 51. Kh1 Kd5 1/2-1/2

[Event "London Chess Classic FIDE Open"]
[Site "London ENG"]
[Date "2010.12.08"]
[Round "1"]
[White "Hadi, Justin"]
[Black "Wohl, Aleksandar H."]
[Result "1-0"]
[BlackTitle "IM"]
[WhiteElo "2043"]
[BlackElo "2424"]
[WhiteFideId "409154"]
[BlackFideId "3200345"]
[EventDate "2010.12.08"]

1. e4 e5 2. Nf3 Nc6 3. Nc3 g6 4. d4 exd4 5. Nxd4 Bg7 6. Be3 d6 7. Qd2 Nf6 8.
O-O-O O-O 9. f3 a6 10. Bh6 Nxd4 11. Bxg7 Kxg7 12. Qxd4 Be6 13. g4 Kg8 14. h4 Nd7
15. g5 c5 16. Qxd6 Qa5 17. h5 gxh5 18. Qh2 Rfd8 19. Qxh5 Nf8 20. Rxd8 Rxd8 21.
Bh3 Qc7 22. Bxe6 Qf4+ 23. Kb1 fxe6 24. Qh4 Qxf3 25. a3 b5 26. g6 hxg6 27. Qh8+
Kf7 28. Rh7+ Ke8 29. Rb7 Qf1+ 30. Ka2 Qc4+ 31. Kb1 Qd4 32. Qh4 Nd7 33. Qh7 Qf6
34. Qg8+ Ke7 35. Qh7+ Ke8 36. Qg8+ Nf8 37. Ka2 1-0

[Event "London Chess Classic FIDE Open"]
[Site "London ENG"]
[Date "2010.12.08"]
[Round "1"]
[White "Thomassen, Joachim"]
[Black "Segura Del Frago, Imanol"]
[Result "1-0"]
[WhiteTitle "IM"]
[WhiteElo "2418"]
[BlackElo "2042"]
[WhiteFideId "1504991"]
[BlackFideId "22244859"]
[EventDate "2010.12.08"]

1. d4 d5 2. Nf3 Nf6 3. c4 dxc4 4. e3 e6 5. Bxc4 c5 6. O-O a6 7. a4 Nc6 8. Nc3
Be7 9. b3 O-O 10. Bb2 cxd4 11. exd4 Nb4 12. Qe2 b6 13. Ne5 Nfd5 14. Ne4 Bb7 15.
Rae1 Rc8 16. Rc1 Nf4 17. Qf3 Nbd5 18. Rfd1 Rc7 19. Bf1 Ng6 20. Rxc7 Nxe5 21.
dxe5 Qxc7 22. Rc1 Qd7 23. Qg3 Kh8 24. h4 Rc8 25. Rxc8+ Qxc8 26. Bd3 Qd8 27. Qf3
Nb4 28. Bb1 Kg8 29. h5 h6 30. Kh2 Qd5 31. Nf6+ gxf6 32. Be4 Qxe4 33. Qg3+ Kf8
34. exf6 Bd6 35. Qxd6+ 1-0

[Event "London Chess Classic FIDE Open"]
[Site "London ENG"]
[Date "2010.12.08"]
[Round "1"]
[White "Vachtfeidl, Petr"]
[Black "Ansell, Simon T"]
[Result "1/2-1/2"]
[BlackTitle "IM"]
[WhiteElo "2038"]
[BlackElo "2417"]
[WhiteFideId "315028"]
[BlackFideId "402141"]
[EventDate "2010.12.08"]

1. e4 c6 2. d4 d5 3. exd5 cxd5 4. c3 Nc6 5. Nf3 Bg4 6. Qb3 Qd7 7. Ne5 Nxe5 8.
dxe5 a6 9. Na3 e6 10. Nb5 Rc8 11. Be3 Be7 12. Nd4 f6 13. f4 fxe5 14. fxe5 Nh6
15. Bd3 O-O 16. Kd2 Nf7 17. h3 Bh5 18. Qb6 Nd8 19. Rhf1 Rxf1 20. Rxf1 Bc5 21.
Qb3 Bg6 22. Bxg6 hxg6 23. Qc2 Nf7 24. Nf3 Qb5 25. Re1 Bxe3+ 26. Rxe3 g5 27. Kc1
d4 28. Nxd4 Qf1+ 29. Qd1 Qf4 30. Qd2 Nxe5 31. Nxe6 Qf6 32. Qd5 Qf1+ 33. Qd1 Qf6
34. Qd5 Qf1+ 35. Qd1 1/2-1/2

[Event "London Chess Classic FIDE Open"]
[Site "London ENG"]
[Date "2010.12.08"]
[Round "1"]
[White "Astaneh Lopez, Alex"]
[Black "Paez, David"]
[Result "1-0"]
[WhiteTitle "FM"]
[WhiteElo "2405"]
[BlackElo "2035"]
[WhiteFideId "2501430"]
[BlackFideId "4405196"]
[EventDate "2010.12.08"]

1. e4 e6 2. d4 d5 3. Nd2 c5 4. exd5 exd5 5. Bb5+ Nc6 6. Ngf3 Bd6 7. dxc5 Bxc5 8.
O-O Ne7 9. Nb3 Bd6 10. Re1 O-O 11. Bg5 Bg4 12. Bh4 Re8 13. c3 a6 14. Bd3 Qd7 15.
Bg3 Bxg3 16. hxg3 b6 17. Qd2 Bf5 18. Rad1 h6 19. Nbd4 Bg4 20. Bc2 Nxd4 21. Qxd4
Bxf3 22. gxf3 b5 23. Kg2 Red8 24. Qd3 Ng6 25. Bb3 Ne7 26. Re5 Qc7 27. Rde1 Rd7
28. Bc2 Ng6 29. Rxd5 Rxd5 30. Qxd5 Rd8 31. Bxg6 Kf8 32. Qf5 Rd6 33. Qf4 1-0

[Event "London Chess Classic FIDE Open"]
[Site "London ENG"]
[Date "2010.12.08"]
[Round "1"]
[White "Thomassen, Thomas"]
[Black "Barle, Janez"]
[Result "0-1"]
[BlackTitle "IM"]
[WhiteElo "2033"]
[BlackElo "2403"]
[WhiteFideId "1504860"]
[BlackFideId "14600021"]
[EventDate "2010.12.08"]

1. c4 Nc6 2. Nc3 e5 3. g3 f5 4. Bg2 Nf6 5. e3 d5 6. cxd5 Nb4 7. d4 e4 8. Nh3
Nd3+ 9. Kf1 Bd6 10. f3 O-O 11. Nf2 b6 12. Nxd3 Ba6 13. Kf2 Bxd3 14. Bf1 Bxf1 15.
Rxf1 Bb4 16. Ne2 exf3 17. Kxf3 Qxd5+ 18. Kf2 Bd6 19. Kg1 Rae8 20. Qd3 g6 21. Bd2
Qe4 22. Qb3+ Kg7 23. Rad1 Qg4 24. Nf4 Ne4 25. Bc1 Nxg3 26. hxg3 Qxg3+ 27. Ng2
Qh2+ 28. Kf2 Bg3+ 29. Kf3 Qh3 30. Nf4 Qg4+ 31. Kg2 Bxf4+ 0-1

[Event "London Chess Classic FIDE Open"]
[Site "London ENG"]
[Date "2010.12.08"]
[Round "1"]
[White "Rendle, Thomas E"]
[Black "Heaton, Paul"]
[Result "1-0"]
[WhiteTitle "IM"]
[WhiteElo "2400"]
[BlackElo "2029"]
[WhiteFideId "408760"]
[BlackFideId "411116"]
[EventDate "2010.12.08"]

1. e4 e6 2. d4 d5 3. Nd2 Nf6 4. e5 Nfd7 5. Bd3 c5 6. c3 Nc6 7. Ngf3 Be7 8. O-O
a5 9. Re1 g5 10. dxc5 Nxc5 11. Bc2 g4 12. Nd4 h5 13. N2b3 Bd7 14. Nxc5 Bxc5 15.
Be3 Qb6 16. Rb1 O-O-O 17. b4 axb4 18. a3 Nxd4 19. Bxd4 Bxd4 20. cxd4 Bc6 21.
Rxb4 Qa7 22. Ba4 Rd7 23. Qb3 Rc7 24. Rb1 Kd7 25. Bxc6+ Kxc6 26. Ra4 1-0

[Event "London Chess Classic FIDE Open"]
[Site "London ENG"]
[Date "2010.12.08"]
[Round "1"]
[White "Obiamiwe, Paul"]
[Black "Cox, John J"]
[Result "0-1"]
[BlackTitle "IM"]
[WhiteElo "2021"]
[BlackElo "2398"]
[WhiteFideId "8500215"]
[BlackFideId "401064"]
[EventDate "2010.12.08"]

1. Nf3 Nf6 2. c4 g6 3. Nc3 Bg7 4. g3 O-O 5. Bg2 d6 6. O-O e5 7. d4 Nbd7 8. e4 c6
9. h3 Qb6 10. d5 cxd5 11. cxd5 Nc5 12. Nd2 Bd7 13. Kh2 Rfc8 14. Qe2 Qa6 15. Qxa6
bxa6 16. Kg1 Nd3 17. Rd1 Bh6 18. Bf1 Nxc1 19. Raxc1 Bxd2 20. Rxd2 Nxe4 21. Nxe4
Rxc1 22. Nf6+ Kf8 23. Nxd7+ Ke7 24. Nxe5 dxe5 25. Kg2 Rd8 26. Bxa6 Rc5 27. b3
Rcxd5 28. Re2 Kf6 29. a4 Rd2 30. Re3 Rb2 31. Bc4 Rd7 32. g4 g5 33. Rf3+ Kg7 34.
Rf5 f6 35. Kg3 a5 36. Rf3 Rdd2 37. Rf5 Rd4 38. Rf3 Rf4 39. Be6 Rxf3+ 40. Kxf3
Kf8 41. Ke3 Ke7 42. Bc4 Kd6 43. Bg8 h6 44. Bf7 Rb1 45. Kf3 Rh1 46. Kg2 Re1 47.
f3 Kc5 48. Kf2 Rh1 49. Kg2 Rc1 50. Kf2 Kd4 51. Bc4 Rxc4 52. bxc4 Kxc4 53. Ke3
Kb4 54. Kd3 Kb3 55. Kd2 Kxa4 56. Kc3 Kb5 57. Kb3 Kc5 58. Kc3 a4 59. Kd3 a3 60.
Kc3 a2 0-1

[Event "London Chess Classic FIDE Open"]
[Site "London ENG"]
[Date "2010.12.08"]
[Round "1"]
[White "Hennigan, Michael T"]
[Black "Lenier, Jude"]
[Result "1-0"]
[WhiteTitle "IM"]
[WhiteElo "2388"]
[BlackElo "2006"]
[WhiteFideId "400858"]
[BlackFideId "470678"]
[EventDate "2010.12.08"]

1. g3 Nf6 2. Bg2 g6 3. e4 d6 4. d4 Bg7 5. Nc3 O-O 6. Nge2 Nbd7 7. h3 Rb8 8. Be3
b6 9. O-O c5 10. d5 b5 11. a3 a5 12. a4 b4 13. Nb5 Nb6 14. b3 Nxe4 15. Bxe4 Bxh3
16. Re1 Bxa1 17. Qxa1 f5 18. Bh6 Rf7 19. Bh1 f4 20. Nxf4 Qd7 21. Ne6 Bf5 22. Qd1
Rf6 23. Bg5 Rxe6 24. dxe6 1-0

[Event "London Chess Classic FIDE Open"]
[Site "London ENG"]
[Date "2010.12.08"]
[Round "1"]
[White "Fegan, Chris"]
[Black "Quillan, Gary"]
[Result "0-1"]
[BlackTitle "IM"]
[WhiteElo "2003"]
[BlackElo "2385"]
[WhiteFideId "410047"]
[BlackFideId "401153"]
[EventDate "2010.12.08"]

1. e4 e6 2. d3 c5 3. c4 Nc6 4. Nc3 Nf6 5. f4 d5 6. e5 d4 7. Nb5 Nd7 8. Qg4 g6 9.
Nf3 a6 10. Na3 Be7 11. Be2 b6 12. Bd2 Bb7 13. h4 h5 14. Qg3 Qc7 15. Ng5 Rg8 16.
Bxh5 gxh5 17. Nxe6 Rxg3 18. Nxc7+ Kd8 19. Nxa8 Bxa8 20. O-O-O Nf8 21. f5 Nxe5
22. Kc2 Nxd3 23. Rhg1 Be4 0-1